| 000 | 00818nmc a2200325 a 4500 | ||
|---|---|---|---|
| 003 | AR-BaBNM | ||
| 005 | 20251128205101.0 | ||
| 008 | 236019s1979 ||||||||||||||000 | spa|| | ||
| 040 | _cAR-BaBNM | ||
| 100 | 1 | _aSacheri, Carlos Alberto | |
| 245 | 1 | 0 | _aEl orden natural |
| 250 | _a4ª ed. | ||
| 260 |
_aBuenos Aires _bEudeba _c1979 |
||
| 300 | 0 | _a187 p. | |
| 490 | 0 | _aTemas. Ciencias políticas y sociales | |
| 650 | 4 | _aIGLESIA Y ESTADO | |
| 650 | 4 | _aCATOLICISMO | |
| 650 | 4 | _aCONCEPTOS MORALES | |
| 650 | 4 | _aREFORMA RELIGIOSA | |
| 650 | 4 | _aDERECHO ECLESIASTICO | |
| 650 | 4 | _aPROBLEMAS SOCIALES | |
| 650 | 4 | _aFASCISMO | |
| 650 | 4 | _aSINDICATOS | |
| 650 | 4 | _aCAPITALISMO | |
| 650 | 4 | _aCOMUNISMO | |
| 653 | 0 | _aENCICLICAS | |
| 700 | 1 |
_aTortolo, Adolfo _eprologuista |
|
| 942 | _cBK | ||
| 998 | _cSILVI | ||
| 999 |
_c9918 _d9918 |
||